• 首页
  • 本馆介绍
  • 公告通知
  • 最新文献
  • 馆藏检索
  • 电子资源
  • 读者导购
  • 参考咨询
  • 我的图书馆
  • 登录
  • 详细信息显示
  • 放入我的书架
  • 预约/预借图书
  • 作者相关作品
  • 分类相关作品
  • 丛书相关作品
  • 出版社相关作品

书目信息

  • 表格格式
  • 工作单格式
  • 卡片格式
题名:
教学心理讲话
    
 
作者: 杨鸿昌 编著
分册:  
出版信息: 天津   天津人民出版社  1981
页数: 192页
开本: 19cm
丛书名:
单 册:
中图分类: G441 , G44
科图分类:
主题词: 教学心理学
电子资源:
ISBN:
000 00585nam0 2200229 450
001 1561579483
005 20150127170645.46
010    @dCNY0.44
091    @a7072.1188
100    @a19950609d1981 em y0chiy0110 ea
101 0  @achi
102    @aCN@b120000
105    @ay z 000yy
200 1  @a教学心理讲话@9jiao xue xin li jiang hua@f杨鸿昌编著
210    @a天津@c天津人民出版社@d1981
215    @a192页@d19cm
606 0  @a教学心理学
690    @aG441@v5
690    @aG44@v4
701  0 @a杨鸿昌@9yang hong chang@4编著
801  0 @aCN@bTSSF@c20150127
905    @aZUCC@dG44@eJY40
    
    教学心理讲话/杨鸿昌编著.-天津:天津人民出版社,1981
    192页;19cm
    
    
    ISBN :CNY0.44
    
●
相关链接 在E读中查询图书 在五车中查询图书 在当当中查询图书 在豆瓣中查询图书


正题名:教学心理讲话     索取号:G44/JY40         预约/预借

序号 登录号 条形码 馆藏地/架位号 状态 备注
1 7837579   278375795   学院路分馆/ [索取号:G44/JY40] 在馆    
2 7837580   278375802   学院路分馆/ [索取号:G44/JY40] 在馆    
3 7837581   278375811   学院路分馆/ [索取号:G44/JY40] 在馆    
4 7846147   278461479   学院路分馆/ [索取号:G44/JY40] 在馆    
唐山师范学院图书馆 欢迎您!
大连网信软件有限公司© 版权所有